| 000 | 00538cam a22002054a 4500 | ||
|---|---|---|---|
| 005 | 20250605164305.0 | ||
| 008 | 250528s ||||||||||||||||||||||||d | ||
| 035 | _a22225 | ||
| 020 | _a9781137325617 | ||
| 040 |
_aGR-AtMCL _bgre _dGR-AtMCL _eAACR2 |
||
| 245 | 1 | _aSKILLS OF MANAGEMENT AND LEADERSHIP / MANAGING PEOPLE IN ORGANISATIONS | |
| 250 | _a1 | ||
| 260 |
_bPalgrave Macmillan, _c2015 |
||
| 300 | _a353 | ||
| 700 | 1 |
_aPorter Christine _98099 |
|
| 700 | 1 |
_aRees David _98100 |
|
| 942 | _cBK | ||
| 999 |
_c7281 _d7281 |
||